000 00509nam a2200145 i 4500
001 185298
003 ES-MaACL
005 20230906222406.0
008 160510s1916 mx |||| | spa d
245 0 0 _aReglamento de la Inspección Médica de la Escuelas del Estado :
_bDecreto nº 411.
260 _aMérida, Yucatán :
_b[s.n.],
_c1916 (
_fImp. y Linot. "La Voz de la Revolución")
300 _a10 p. ;
_c21 cm.
594 _aPrecede al tít.: Gobierno Constitucionalista.
852 _aES-MaACL
_j1591-F-12
999 _c185298
_d185298